Normal view
MARC view
Entry Personal Name
001 - CONTROL NUMBER
- control field: 494635
003 - CONTROL NUMBER IDENTIFIER
- control field:
005 - DATE AND TIME OF LATEST TRANSACTION
- control field: 20210602143824.0
008 - FIXED-LENGTH DATA ELEMENTS
- fixed length control field: 210602|| aca||aabn | a|a d
040 ## - CATALOGING SOURCE
- Original cataloging agency:
- Transcribing agency:
100 ## - HEADING--PERSONAL NAME
- Personal name: চক্রবর্তী, শ্রীজ্ঞানেন্দ্র নাথ
670 ## - SOURCE DATA FOUND
- Source citation: Work cat.: (): 880-01 চক্রবর্তী, শ্রীজ্ঞানেন্দ্র নাথ, আরোও দেখা আরোও বোঝা, 1996
